Cultura política de la democracia en Colombia y en las Américas, 2012 : (Registro nro. 5186)

Detalles MARC
000 -LEADER
fixed length control field 01366nam a2200265Ia 4500
003 - CONTROL NUMBER IDENTIFIER
control field OSt
005 - DATE AND TIME OF LATEST TRANSACTION
control field 20200408181725.0
008 - FIXED-LENGTH DATA ELEMENTS--GENERAL INFORMATION
fixed length control field 191128s2012 ck a gr 000 0 spa d
020 ## - INTERNATIONAL STANDARD BOOK NUMBER
International Standard Book Number 9781939186089
040 ## - CATALOGING SOURCE
Original cataloging agency CO-JMCR
Transcribing agency CO-JMCR
041 0# - LANGUAGE CODE
Language code of text/sound track or separate title spa
082 04 - DEWEY DECIMAL CLASSIFICATION NUMBER
Classification number 323.042 /
Item number R627c
Edition number 21
100 1# - MAIN ENTRY--PERSONAL NAME
Personal name Rodríguez Raga, Juan Carlos,
Relator term autor
9 (RLIN) 2870
245 10 - TITLE STATEMENT
Title Cultura política de la democracia en Colombia y en las Américas, 2012 :
Remainder of title hacia la igualdad de oportunidades /
Statement of responsibility, etc. Juan Carlos Rodríguez Raga y Mitchell A. Seligson
260 ## - PUBLICATION, DISTRIBUTION, ETC.
Place of publication, distribution, etc. Bogotá :
Name of publisher, distributor, etc. Universidad de los Andes : Centro Nacional de Consultoría : Universidad Vanderbilt : USAID,
Date of publication, distribution, etc. 2012
300 ## - PHYSICAL DESCRIPTION
Extent xli, 289 páginas :
Other physical details ilustraciones a color ;
Dimensions 28 cm.
505 0# - FORMATTED CONTENTS NOTE
Formatted contents note La igualdad de oportunidades y la democracia en las Américas -- La igualdad en la participación política de las Américas -- El efecto de la desigualdad de oportunidades y la discriminación en la legitimidad política y la participación.
650 14 - SUBJECT ADDED ENTRY--TOPICAL TERM
Topical term or geographic name entry element Democracia
General subdivision investigaciones
Geographic subdivision Colombia
9 (RLIN) 2871
650 14 - SUBJECT ADDED ENTRY--TOPICAL TERM
Topical term or geographic name entry element Política
General subdivision investigaciones
Geographic subdivision Colombia
9 (RLIN) 2872
650 14 - SUBJECT ADDED ENTRY--TOPICAL TERM
Topical term or geographic name entry element Oportunidades
General subdivision investigaciones
Geographic subdivision Colombia
9 (RLIN) 2873
650 14 - SUBJECT ADDED ENTRY--TOPICAL TERM
Topical term or geographic name entry element Corrupción
General subdivision investigaciones
Geographic subdivision Colombia
9 (RLIN) 2874
650 14 - SUBJECT ADDED ENTRY--TOPICAL TERM
Topical term or geographic name entry element Principio de igualdad
General subdivision investigaciones
Geographic subdivision Colombia
9 (RLIN) 2875
700 1# - ADDED ENTRY--PERSONAL NAME
Personal name Seligson, Mitchell A.,
Relator term autor
9 (RLIN) 2876
942 ## - ADDED ENTRY ELEMENTS (KOHA)
Source of classification or shelving scheme Dewey Decimal Classification
Koha item type Books
Existencias
Withdrawn status Lost status Source of classification or shelving scheme Damaged status Not for loan Collection code Home library Current library Date acquired Total Checkouts Full call number Barcode Date last seen Copy number Koha item type
    Dewey Decimal Classification     Non-fiction Biblioteca Pública José María del Castillo y Rada Biblioteca Pública José María del Castillo y Rada 04/15/2018   323.042 / R627c 430001419 05/16/2024 Ej.1 Books